| 000 | 00560nam a2200181 a 4500 | ||
|---|---|---|---|
| 001 | 532 | ||
| 003 | CDMR | ||
| 005 | 20130327134855.0 | ||
| 008 | 130130s1992||||||||||||||||||||||||||||d | ||
| 020 | _a8486094917 | ||
| 040 |
_aCDMR _bcat _cCDMR |
||
| 245 | 0 | 0 |
_aComunicación social 1992 _b: tendencias _c[dirección de este informe : Obdulio Martín Bernal, editor ; Bernardo Díaz Nosty, director] |
| 260 |
_aMadrid _c1992 _bFundesco |
||
| 490 | _aInformes anuales de Fundesco | ||
| 700 | 1 |
_91251 _aDíaz Nosty, Bernardo |
|
| 710 | 2 |
_9385 _aFUNDESCO |
|
| 942 |
_cMON _2udc |
||
| 999 |
_c532 _d532 |
||